Sk8 The Infinity Characters - Statistics

General Stats
  • This quiz has been taken 218 times
  • The average score is 7 of 8
Answer Stats
Hint Answer % Correct
red hair Reki
99%
blue hair Langa
98%
gorilla Joe
95%
13 years old Miya
93%
hisoka Adam
92%
face paint Shadow
85%
tree Cherry Blossom
73%
reptile Snake
39%
No matching quizzes found
Score Distribution
Percent of People with Each Score
Percentile by Number Answered
Your Score History
You have not taken this quiz